| 000 | 00577cam a22002414a 4500 | ||
|---|---|---|---|
| 005 | 20250605164316.0 | ||
| 008 | 250528s ||||||||||||||||||||||||d | ||
| 035 | _a22718 | ||
| 020 | _a9780672302565 | ||
| 040 |
_aGR-AtMCL _bgre _dGR-AtMCL _eAACR2 |
||
| 245 | 1 | _aEXCEL 4 SUPER BOOK | |
| 250 | _a1 | ||
| 260 | _c1992 | ||
| 300 | _a1430 | ||
| 700 | 1 |
_aGriffin Michael _98433 |
|
| 700 | 1 |
_aMcfedries Paul _94407 |
|
| 700 | 1 |
_aSams _97532 |
|
| 700 | 1 |
_aScellato Don _98434 |
|
| 700 | 1 |
_aWalkowski Debbie _98435 |
|
| 942 | _cBK | ||
| 999 |
_c7764 _d7764 |
||